000 00690nam a2200241Ia 4500
003 OSt
005 20220925232758.0
006 a|||||r|||| 00| 0
007 ta
008 220923b |||||||| |||| 00| 0 eng d
037 _cGeneral Book
040 _aRTL
_cRTL
_beng
041 _2eng
_aeng
082 _aY57.73.N6, K8
100 _aHunrter David R
_9297733
245 0 _aSlums
_b Challenges and response
260 _aNew York
_bFree Press
_c1968
300 _axvii,302p Epilogue:p283-284
_ccm.
500 _aNotes:P285-294; Index:p295-302
650 _aSlums
_9241589
942 _hY57.73.N6, K8
_cGB
_2CC
999 _c592138
_d592138